Szczegóły MARC21

Die Klavierspielerin : Roman /

003 -Nazwa inst., której nr kontr. jest w polu 001 [,]
    • @
    • Nazwa instytucji, której n kontrolny jest w polu 001
    • NUKAT
005 -DATA I CZAS OSTATNIEJ MODYFIKACJI [,]
    • @
    • pole kontrolne
    • 20241231110502.0
020 -Międzynarod. znormalizowany nr książki - ISBN [ , ]
    • a
    • Numer ISBN
    • 3499158124 Find
040 -Instytucja sporządzająca opis [ , ]
    • a
    • Instytucja, która sporządziła opis (NP)
    • OLSZT 003/bak
    • c
    • Instytucja, która sporządziła rekord (NP)
    • OLSZT 003/bak
942 -Rodzaj dokumentu [ , ]
    • c
    • Rodzaj dokumentu
    • Książka
100 -Hasło główne - nazwa osobowa [1, ]
    • a
    • Nazwa osobowa (NP)
    • Jelinek, Elfriede
    • d
    • Daty biograficzne (NP)
    • (1946- ).
    • 9
    • KHW
    • 31875
240 -Tytuł ujednolicony [1,0]
    • a
    • Tytuł ujednolicony
    • Klavierspielerin
    • l
    • Język tekstu
    • (niem.)
    • 9
    • KHW
    • 31912
245 -Strefa tytułu i oznaczenia odpowiedzialności [1,4]
    • a
    • Tytuł
    • Die Klavierspielerin : Find
    • b
    • Ciąg dalszy tytułu (NP)
    • Roman / Find
    • c
    • Pozostałe elementy strefy tytułu i oznaczenia odpowiedzialności (NP)
    • Elfriede Jelinek.
260 -Strefa adresu wydawniczego [ , ]
    • a
    • Miejsce wydania (P)
    • Reinbek bei Hamburg :
    • b
    • Nazwa wydawcy (P)
    • Rowohlt Taschenbuch Verlag,
    • c
    • Data wydania (P)
    • 1994.
300 -Strefa opisu fizycznego [ , ]
    • a
    • Określenie formy książki i/lub objętość (NP)
    • 283 s. ;
    • c
    • Format (NP)
    • 19 cm.
336 -Typ zawartości [ , ]
    • a
    • Termin opisujący typ zawartości
    • Tekst
    • b
    • Kod określający zawartość
    • txt
    • 2
    • Źródło (terminu i kodu)
    • rdacontent
337 -Typ mediów [ , ]
    • a
    • Tryb odtwarzania
    • Bez urządzenia pośredniczącego
    • b
    • Kod typu mediów
    • n
    • 2
    • Źródło (terminu i kodu)
    • rdamedia
338 -Typ/rodzaj nośnika [ , ]
    • a
    • Hasło opisujące typ nośnika
    • Wolumin
    • b
    • Kod typu nośnika
    • nc
    • 2
    • Źródło (terminu i kodu)
    • rdacarrier
490 -Strefa serii i książki wielotomowej - forma nie do wyszukiwania [1, ]
    • a
    • Tytuł (P)
    • Rororo, Find
    • x
    • ISSN (NP)
    • 0720-0943 ;
    • v
    • Numeracja (P)
    • 5812
830 -Hasło dodatkowe serii i opisu książki wielotomowej - tytuł ujednolicony/tytuł [ ,0]
    • a
    • Tytuł ujednolicony/tytuł (NP)
    • Rororo
    • x
    • ISSN
    • 0720-0943
    • v
    • Oznaczenie tomu (NP)
    • 5812
    • 9
    • KHW
    • 9126
080 -Uniwersalna Klasyfikacja Dziesiętna [ , ]
    • a
    • Symbol klasyfikacji
    • 830(436)-31=30
655 -Hasło w funkcji tematu formalnego [ ,7]
    • a
    • Hasło
    • Powieść austriacka
    • y
    • Określnik chronologiczny
    • 1970-2000.
    • 2
    • Źródło terminu
    • kaba
    • 9
    • KHW
    • 363781
980 -Symbol UKD [ , ]
    • a
    • UKD
    • 830(436)-31=30
920 -ISBN [ , ]
    • a
    • ISBN
    • 3-499-15812-4 Find
Numer inwentarzowy Data inwentaryzacji Sygnatura Lokalizacja Status udost.
G.137821998-09-11Germ. Literatura austriackaBM-3